Music Quiz

Random Music Quiz

AKB48 Request Hour Setlist Best 100 2008 Quiz Stats

Quiz not verified by Sporcle

Also try: Movie Songs II
Challenge
Share
Tweet
Embed
Score 0/100 Timer 15:00
0 Plays Today
Rank Song % Correct
3Aitakatta
75%
1Sakura no Hanabiratachi
75%
21Seifuku ga Jama wo Suru
66.7%
4Skirt,Hirari
66.7%
29Yuuhi wo Miteiru ka?
62.5%
2BINGO!
62.5%
92Dakedo...
58.3%
28Keibetsu Shiteita Aijou
58.3%
9Bird
58.3%
52Party ga hajimaru yo
54.2%
7Boku no Taiyou
54.2%
5Dear my Teacher
54.2%
35Virgin Love
50%
26AKB48
50%
43MARIA
45.8%
39Romance,Irane
45.8%
15Nagisa no CHERRY
45.8%
76JESUS
41.7%
54Anata to Christmas Eve
41.7%
10Senaka Kara Dakishimete
41.7%
84Shinkirou
37.5%
83Haru ga kuru made
37.5%
81Rider
37.5%
67Tonari no Banana
37.5%
46Classmate
37.5%
36Takeuchi Senpai
37.5%
34Mr Kissman
37.5%
33Aozora no Soba ni Ite
37.5%
23Blue Rose
37.5%
19Dareka no Tame ni
37.5%
11Nakinagara Hohoende
37.5%
87Kiss wa dame yo
33.3%
70Faint
33.3%
60Koike
33.3%
Rank Song % Correct
55Mirai no Kajitsu
33.3%
42Bye Bye Bye
33.3%
307ji 12fun no Hatsukoi
33.3%
24Nage Kiss de Uchi Otose
33.3%
22Junai no Crescendo
33.3%
8Kinjirareta Futari
33.3%
48Hoshi no Ondo
29.2%
41Nageki no Figure
29.2%
20Namida Uri no Shoujo
29.2%
91Dreamin' girls
25%
78overture
25%
59Tomo yo
25%
57Seishun Girls
25%
49Ame no Doubutsuen
25%
37Idol Nante Yobanaide
25%
17Only Today
25%
100Don't Disturb
20.8%
99Theater Pirates
20.8%
97Honehone Waltz
20.8%
71Higurashi no koi
20.8%
65Aisareru to iu koto
20.8%
14Himawari
20.8%
13Namida no Shounan
20.8%
12Glass no I LOVE YOU
20.8%
94LOVE CHASE
16.7%
93Kurukurupa
16.7%
88Ganbare!
16.7%
47Kikyou
16.7%
45Kimi wa Pegasus
16.7%
18Nounai Paradise
16.7%
98Kimi ga Oshiete Kureta
12.5%
95Nante suteki na Sekai ni Umareta no Darou
12.5%
85Itoshisa no defense
12.5%
80Koi no PLAN
12.5%
Rank Song % Correct
77Rio no kakumei
12.5%
62Viva! Hurricane
12.5%
58Darui Kanji
12.5%
56Beach Sandal
12.5%
40RUN RUN RUN
12.5%
16Tadaima Renaichuu
12.5%
90Deja vu
8.3%
72Ai no moufu
8.3%
64Lay down
8.3%
32Warning
8.3%
31Sougen no Kiseki
8.3%
27Yakusoku yo
8.3%
25Tanjoubi no Yoru
8.3%
6Korogaru Ishi ni Nare
8.3%
96Fushidara na Natsu
4.2%
89Tsuki no Katachi
4.2%
86Hizukehenkousen
4.2%
82Kataomoi no Sotugyoushiki
4.2%
79Christmas ga ippai
4.2%
75Doku Ringo wo Tabesasete
4.2%
74Hana to Chire!
4.2%
73Boku no Uchiage Hanabi
4.2%
69Kuma no Nuigurumi
4.2%
68Natsu ga Icchatta
4.2%
66Tsukimisou
4.2%
63Mirai no tobira
4.2%
61Sonna Konna Wake de
4.2%
53Ki ni Naru Tenkousei
4.2%
51Cinderella wa Damasarenai
4.2%
50Hajimete no Jelly Beans
4.2%
44Boku to Juliet to Jet Coaster
4.2%
38Kimi ga Hoshi ni Naru Made
4.2%

You're not logged in!

Compare scores with friends on all Sporcle quizzes.
Sign Up with Email
OR
Log In

You Might Also Like...

Show Comments

Extras

Top Quizzes Today


Score Distribution

Your Account Isn't Verified!

In order to create a playlist on Sporcle, you need to verify the email address you used during registration. Go to your Sporcle Settings to finish the process.